000 006220000a22001810004500
003 MACL
005 20160427134657.0
008 160427b xxu||||| |||| 00| 0 eng d
040 _aMACL
_cMACL
041 _aHindi
082 _a800
100 _aडॉ लेखराम शर्मा
_954378
245 _aपंजाब का संस्‍कृत साहित्‍य को योगदान
260 _aदिल्‍ली
_bइन्डिपैंडेंट पब्लिसिंग कम्‍पनी
_c2009
350 _a880
650 _aLiteracture
_954379
942 _cHIN
_k800
_2ddc
999 _c47701
_d47701